Sinsajo
I tiakina i:
| Kaituhi matua: | |
|---|---|
| Hōputu: | Pukapuka |
| Reo: | Pāniora |
| I whakaputaina: |
Barcelona
RBA Libros
2014
|
| Putanga: | 31a. ed |
| Rangatū: | RBA Molino
|
| Ngā marau: | |
| Ngā Tūtohu: |
Tāpirihia he Tūtohu
Kāore He Tūtohu, Me noho koe te mea tuatahi ki te tūtohu i tēnei pūkete!
|
MARC
| LEADER | 00000cam a2200000 a 4500 | ||
|---|---|---|---|
| 001 | UCD4143 | ||
| 003 | CL-VaPUC | ||
| 008 | 160623e20141100sp |||||||||||||||||spa|d | ||
| 020 | |a 9788427202146 | ||
| 082 | 0 | 4 | |a 813 |b COL |2 21 |
| 100 | 0 | |a Collins, Suzanne |e author |9 587763 | |
| 245 | 1 | 0 | |a Sinsajo |
| 246 | 1 | 4 | |a Los juegos del hambre: sinsajo |
| 250 | |a 31a. ed | ||
| 300 | |a 422 p | ||
| 942 | |c BK | ||
| 945 | |d 20160623 20:48:00 |a arojas | ||
| 260 | |a Barcelona |b RBA Libros |c 2014 | ||
| 650 | 0 | |a Ficción narrativa |9 387672 | |
| 650 | 0 | |a Novelas estadounidenses |9 265217 | |
| 650 | 0 | |a Literatura estadounidense |9 317168 | |
| 583 | |a last modification |c 20160623 20:48:00 |k Rodrigo Vera | ||
| 490 | 0 | |a RBA Molino | |
| 999 | |c 365085 |d 365083 | ||